00501nam a2200169Ia 450000500170000000800410001708200160005810000200007424500440009426000380013830000130017665000140018965000090020394200060021295200980021899900150031620240620013840.0240331s9999 xx 000 0 und d bGANa891.48 aGanesalingan, S 0aVathaiyin kaathai :banniya manithargal aChennaibKumaran Publishersc1995 a172 p ., aPolitical aLaws cL 001040708LaWERCLbWERCLcSSCd2024-03-31l0o 891.48 GANp5827r2024-03-31w2024-03-31yL c3934d3934